| 000 | 01113nac a22003137a 4500 | ||
|---|---|---|---|
| 001 | BR8205165 | ||
| 003 | BR-BrBNA | ||
| 005 | 20240105115506.0 | ||
| 008 | 230509b bl.|||m| |||| 00| 0 por d | ||
| 040 |
_aBR-BrBNA _bpor _cBiblioteca Nacional de Agricultura |
||
| 072 | _aT00 | ||
| 090 | _aT00 BR8205165 | ||
| 100 | 1 | _aKnak, R.B. | |
| 100 | 1 | _aSeeliger, U. | |
| 110 | 1 |
_aFundacao Universidade do Rio Grande, RS (Brasil). Depto. de Oceanografia _95056 |
|
| 245 | 1 | _aRevisao e recomendacoes para analise de mercurio e cobre no ambiente marinho e estuarino [metal pesado, poluicao, litoral, Rio Grande do Sul, Brasil] | |
| 260 | 3 |
_aRio Grande, RS (Brasil): _c1982. |
|
| 300 | _a25 p. | ||
| 490 |
_aDocumentos Tecnicos - Fundacao Universidade do Rio Grande. Depto. de Oceanografia (Brazil) _vno. 3 _x |
||
| 500 | _aSummaries (En, Pt); Bibliography p. 14-16 (58 ref.) | ||
| 650 | _aESTUARIO | ||
| 650 | _aPOLUICAO MARINHA | ||
| 650 | _aMERCURIO | ||
| 650 | _aCOBRE | ||
| 650 | _aLITORAL | ||
| 650 | _aRIO GRANDE DO SUL | ||
| 909 |
_a202312 _bLúcia Elande _c55 _dLúcia Elande |
||
| 942 |
_2AGRIS _n0 _cMS |
||
| 999 |
_c275045 _d275045 |
||